000
00227nam a22000857a 4500
999
_c
2821
_d
2821
008
160817b xxu||||| |||| 00| 0 eng d
020
_a
9789381868034
100
_9
163
_a
Malik A
245
_a
Rules of Games & Sports
260
_a
New Delhi
_b
Prerna publication
_c
2012